Statistics for twenty one pilots lyric quiz

Click here to take the quiz!

General Stats

  • This quiz has been taken 447 times
  • The average score is 8 of 15

Answer Stats

HintAnswer% Correct
When using Pokemon cards please do not use a _____holographic
85%
Mindless _____ walking around with a limp and a hunchzombies
66%
It's the same game today as it always is/ I don't give these places fake my name explaining this/ And the wrists of my mind have the _____ lines/ That remind me of all the ____bleeding times
60%
All we are is an isle of flightless birds/ We find our worth in giving birth and _____stuff
60%
I find over the course of our human _______/ One thing consists of __________existence consistence
58%
Scared of my own image, scared of my own immaturity/ Scared of my own ceiling/ scared I'll die of ______uncertainty
56%
I won't fall in/ Love with falling/ I will try to _____ / Those eyesavoid
54%
Oh, Miss Believer, my pretty weeper/ Your twisted thoughts are like ____ __ ___ ________snow on the rooftops
54%
Every time I feel selfish ambition Is taking my vision/ And my crime is my sentence/ Repentance is taking ______commission
53%
Ruby take my hand, please lead me to the _________promised land
52%
A difficult beast feasting on ______ down treesburnt
50%
I'm the son of all I've done/ Imposter, been fostered, then my new father ____ my dirty blooddrained
47%
All the _______ your father served todaygods
42%
I'm caught under ______ and I'm falling _____/ My heart's getting _____/ I'm calling my _____water farther harder father
27%
My bad _______ but I bet I could have been a better manbehaviour
22%

Score Distribution

Percentile by Number Answered

Percent of People with Each Score

Your Score History

You have not taken this quiz